| 000 | 00422nam a2200157Ia 4500 | ||
|---|---|---|---|
| 008 | 210716s2011 xx 000 0 und d | ||
| 020 | _a9781906124724 | ||
| 041 | _aeng | ||
| 082 | _a658.421 HOTS | ||
| 100 | _aHotchkiss, Stuart. | ||
| 245 |
_aBusiness continuity management: a practical guide. _bPractical guide. |
||
| 250 | _a1 | ||
| 260 |
_aNew Delhi _bViva Books _c2011 |
||
| 300 | _axxiv,109 | ||
| 650 | _aERP & SAP | ||
| 999 |
_c194316 _d194316 |
||